000
00252nam a22000977a 4500
100
_a
Chattopadhyay, S.
245
_a
An overview of rubber mixing and processing
260
_b
Rubber India, LXXVII(2): 2025. 82-86.
650
_a
Rubber mixing
942
_c
JS
999
_c
75500
_d
75500